Quick Pick: 'Princely' Novels Quiz Stats

 Plays Quiz Updated Jan 28, 2018

Challenge
Share
Tweet
Embed
Score 0/10 Timer 01:30
0 Plays Today
% Correct
JK Rowling
94.7%
C. S. Lewis
78.4%
Meg Cabot
71.1%
Mark Twain
69.6%
Antoine de Saint-Exupéry
67.8%
Niccolò Machiavelli
64.2%
Frances Hodgson Burnett
55%
William Goldman
47.4%
Oscar Wilde
42.2%
Chuck Hogan
42.1%

Today's Daily Dose

You're not logged in!

Compare scores with friends on all Sporcle quizzes.
Join for Free
OR
Log In

You Might Also Like...

Show Comments

Extras

Top Quizzes Today


Score Distribution

Your Account Isn't Verified!

In order to create a playlist on Sporcle, you need to verify the email address you used during registration. Go to your Sporcle Settings to finish the process.

Report this User

Report this user for behavior that violates our Community Guidelines.

Details: